000 00632nam a2200181 a 4500
005 20140412111256.0
008 000824s19uu xx 00 eng d
020 _a0-590-34127-8
050 _aTR(GS 513
_bH87 1997
100 _aHucthings, Amy
245 _aThe Gummy candy counting book /
_cby Amy and Richard Hutchings ; photographs by Richard Hutchings.
260 _aNew York :
_bScholastic Inc./Cartwheel Books,
_c1997.
300 _a1 v. (unp.) ; ill.
440 _aRead with me
520 _aGet ready to count the things you love to chew. Learn how to count from 1-12.
650 _aCounting-Fiction
999 _c103240
_d103240